Faculty of Law Library — Cairo University

Official Online Catalog

السياسة السليمة في تأديب العاملين بالدولة / (Record no. 72855)

MARC details
000 -LEADER
fixed length control field 01105nam a2200289 i 4500
003 - CONTROL NUMBER IDENTIFIER
control field EG-GICUC
005 - DATE AND TIME OF LATEST TRANSACTION
control field 20260422180043.0
008 - FIXED-LENGTH DATA ELEMENTS--GENERAL INFORMATION
fixed length control field 260422s1983 mk ||||fr|||| 00| 0 ara d
040 ## - CATALOGING SOURCE
Original cataloging agency EG-GICUC
Language of cataloging ara
Transcribing agency EG-GICUC
Modifying agency EG-GICUC
Description conventions rda
041 0# - LANGUAGE CODE
Language code of text/sound track or separate title ara
082 04 - DEWEY DECIMAL CLASSIFICATION NUMBER
Edition number 21
Classification number 345.456
Item number ع ب . س
092 04 - LOCALLY ASSIGNED DEWEY CALL NUMBER (OCLC)
Edition number 21
099 ## - LOCAL FREE-TEXT CALL NUMBER (OCLC)
Classification number Law1 07 345.456 ع ب . س 1983
100 0# - MAIN ENTRY--PERSONAL NAME
Personal name عبد القادر الشيخلي
Relator term Author.
245 12 - TITLE STATEMENT
Title السياسة السليمة في تأديب العاملين بالدولة /
Statement of responsibility, etc. الدكتور عبد القادر الشيخلي .
264 #1 - PRODUCTION, PUBLICATION, DISTRIBUTION, MANUFACTURE, AND COPYRIGHT NOTICE
Place of production, publication, distribution, manufacture عمان :
Name of producer, publisher, distributor, manufacturer دار الفكر للنشر والتوزيع ،
Date of production, publication, distribution, manufacture, or copyright notice 1983 .
300 ## - PHYSICAL DESCRIPTION
Extent 136 صفحة ؛
Dimensions 24 سم
336 ## - CONTENT TYPE
Source rda content
Content type term text
337 ## - MEDIA TYPE
Source rda media
Media type term Computer
338 ## - CARRIER TYPE
Source rda carrier
Carrier type term Online Resource
546 ## - LANGUAGE NOTE
Language note النص باللغة العربية
650 14 - SUBJECT ADDED ENTRY--TOPICAL TERM
Topical term or geographic name entry element اجراءات وضمانات تأديب العاملين المدنين بالدولة
Source of heading or term qrmak
651 1# - SUBJECT ADDED ENTRY--GEOGRAPHIC NAME
Source of heading or term qrmak
856 40 - ELECTRONIC LOCATION AND ACCESS
Uniform Resource Identifier <a href="https://fll.law.cu.edu.eg/fulltext/bks/B07*01606.pdf">https://fll.law.cu.edu.eg/fulltext/bks/B07*01606.pdf</a>
905 ## - Cataloger and Reviser Names
Cataloger Name: Salma Hany
942 ## - ADDED ENTRY ELEMENTS (KOHA)
Source of classification or shelving scheme Dewey Decimal Classification
Koha item type Books
Edition 21
Suppress in OPAC No
Holdings
Withdrawn status Lost status Source of classification or shelving scheme Damaged status Not for loan Collection Home library Current library Date acquired Total checkouts Full call number Barcode Date last seen Copy number Price effective from Koha item type
    Dewey Decimal Classification   Not for loan القانون الإداري جــــامعة القــاهرة مكتبة كلية الحقوق - المبنى الرئيسي 22.04.2026   Law1 07 345.456 ع ب . س 1983 0701606 C1 B07-01606 22.04.2026 1 22.04.2026 Books

© All rights reserved — Faculty of Law, Cairo University